Creative Photography: (Record no. 6548)
[ view plain ]
| 000 -LEADER | |
|---|---|
| fixed length control field | 00978nam a2200169Ia 4500 |
| 001 - CONTROL NUMBER | |
| control field | 6548 |
| 008 - FIXED-LENGTH DATA ELEMENTS--GENERAL INFORMATION | |
| fixed length control field | 260430s9999 xx 000 0 und d |
| 020 ## - INTERNATIONAL STANDARD BOOK NUMBER | |
| International Standard Book Number | 9781781575925 |
| 245 #0 - TITLE STATEMENT | |
| Title | Creative Photography: |
| Remainder of title | The Professional Edge/ |
| Statement of responsibility, etc. | Dan M. Lee |
| 260 ## - PUBLICATION, DISTRIBUTION, ETC. | |
| Place of publication, distribution, etc. | London; |
| Name of publisher, distributor, etc. | Ilex Press (Octopus Publishing Group); |
| Date of publication, distribution, etc. | 2019 |
| 300 ## - PHYSICAL DESCRIPTION | |
| Extent | 176p; |
| Dimensions | 24x23cm |
| 520 ## - SUMMARY, ETC. | |
| Summary, etc. | A practical guide for professional and aspiring photographers focused on developing creative techniques and competitive visual styles. The book presents actionable ideas—such as experimenting with new perspectives, using emerging tools like drones, and refining workflows—to help photographers produce standout portfolio images and attract clients. It also includes interviews and insights from industry professionals to contextualize creative practice within real-world photography careers. |
| 546 ## - LANGUAGE NOTE | |
| Language note | English |
| 650 ## - SUBJECT ADDED ENTRY--TOPICAL TERM | |
| Topical term or geographic name entry element | Technique |
| 9 (RLIN) | 8531 |
| 650 ## - SUBJECT ADDED ENTRY--TOPICAL TERM | |
| Topical term or geographic name entry element | TR624-835 Technology- Applied Photography |
| 942 ## - ADDED ENTRY ELEMENTS (KOHA) | |
| Koha item type | Book |
| Withdrawn status | Lost status | Damaged status | Not for loan | Collection | Home library | Current library | Date acquired | Total Checkouts | Full call number | Barcode | Date last seen | Price effective from | Koha item type |
|---|---|---|---|---|---|---|---|---|---|---|---|---|---|
| Technology- Photography, Cinematography, Electronic Media | SAF Reference Library | Photography Gallery | 04/27/2026 | TR624-835 201.159 | 6548 | 04/30/2026 | 04/30/2026 | Book |